Pick the Felons! (Slideshow) Quiz Stats

Quiz not verified by Sporcle

Challenge
Share
Tweet
Score 0/30 Timer 06:00
0 Plays Today
% Correct
FELON! It's gangster Al Capone
89%
FELON! It's serial killer David Berkowitz
87.4%
FELON! It's outlaw Ma Barker
84.4%
FELON! It's serial killer Belle Gunness
79.9%
FELON! It's murderer Gary Gilmore
76.8%
FELON! It's serial killer Ted Bundy
76.1%
FELON! It's Manson associate Bobby Beausoleil
74.5%
No felon. It's rights activist Steve Biko
71%
No felon. It's film director Federico Fellini
69.4%
FELON! It's criminal Pretty Boy Floyd
67.5%
FELON! It's murderer Jean Harris
67%
FELON! It's murderer Raymond Fernandez
62.4%
No felon. It's Sonic Youth bassist Kim Gordon
61.1%
No felon, it's businessman J. Paul Getty
60.6%
No felon. It's director Ingmar Bergman
59.2%
% Correct
FELON! It's murderer Ruth Ellis
57.6%
No felon. It's guitarist Duane Allman
54.3%
FELON! It's drug dealer Pablo Escobar
53.7%
FELON! It's Boston Strangler Albert DeSalvo
52.8%
No felon, it's lyricist Ira Gershwin
52.2%
FELON! It's murderer Hawley Crippen
49.8%
No felon. It's children's activist Grace Abbott
45.7%
No felon. It's journalist Jimmy Breslin
43.5%
No felon. It's songwriter JJ Cale
43.1%
No felon. It's children's author Virginia Hamilton
40.1%
FELON! It's serial killer Ed Gein
38.5%
No felon. It's author Stephen Crane
35%
No felon. It's poet Bertolt Brecht
31.2%
No felon. It's comedian Lenny Bruce
30.1%
No felon. It's author John Dos Passos
29.9%

You're not logged in!

Compare scores with friends on all Sporcle quizzes.
Sign Up with Email
OR
Log In

You Might Also Like...

Show Comments

Extras

Editor's Pick Jan 7, 2014ReportNominate
Tags:crime, criminal, evil, felon, killer, murderer, Slideshow

Top Quizzes Today


Score Distribution

Your Account Isn't Verified!

In order to create a playlist on Sporcle, you need to verify the email address you used during registration. Go to your Sporcle Settings to finish the process.